00254nam a2200109Ia 4500008004100000041000800041100001700049245002100066250000800087260004100095365000800136231011s9999 xx 000 0 und d aeng aGita Piramal aBusiness Legends a1st bPenguin Books India Pvt Ltd -c1999 b350